| 000 | 00354nam a22001577a 4500 | ||
|---|---|---|---|
| 003 | SGT | ||
| 020 | _a978-93-88696-28-9 | ||
| 082 |
_a614 _bC19B |
||
| 100 | _aBHALWAR, RAJVIR | ||
| 245 | _aTB.OF COMMUNITY MEDICINE | ||
| 250 | _a3RD | ||
| 260 |
_aINDIA _bWOLTERS KLUWER _c2019 |
||
| 300 | _a1113 | ||
| 650 | _aCOMMUNITY MEDICINE | ||
| 942 |
_2ddc _cBK _04 |
||
| 999 |
_c19634 _d19634 |
||